|
|
|
|
| LEADER |
01424nam a2200265 u 4500 |
| 001 |
10063552 |
| 003 |
upatras |
| 005 |
20210428175059.0 |
| 008 |
070827s2015 gr gre |
| 020 |
|
|
|a 9789609571647
|
| 040 |
|
|
|a GR-PaULI
|c GR-PaULI
|b gre
|
| 082 |
0 |
4 |
|a 331.137
|
| 100 |
|
|
|a Ιωαννίδης, Γιώργος,
|9 158328
|d 1975-
|e συγγραφέας
|
| 245 |
1 |
0 |
|a Αντιμετωπίζοντας την κρίση απασχόλησης :
|b μια πρόταση για τη μείωση του ποσοστού ανεργίας κατά δέκα ποσοστιαίες μονάδες εντός τριών ετών /
|c Ιωαννίδης Γιώργος, Πιέρρος Χρίστος
|
| 260 |
|
|
|a Αθήνα
|b ΙΝΕ/ΓΣΕΕ,
|c 2015
|
| 300 |
|
|
|a 140 σ. :
|b εικ. ;
|c 24 εκ.
|
| 490 |
0 |
|
|a Μελέτες (Studies) / Ινστιτούτο Εργασίας ΓΣΕΕ
|v 32
|
| 504 |
|
|
|a Περιλαμβάνει βιβλιογραφία
|
| 650 |
|
0 |
|a Ανεργία
|9 805
|
| 700 |
|
|
|9 158329
|a Πιέρρος, Χρίστος
|e συγγραφέας
|
| 830 |
|
|
|a Μελέτες (Ινστιτούτο Εργασίας ΓΣΕΕ)
|v 32
|9 157356
|
| 942 |
|
|
|2 ddc
|c BK15
|
| 952 |
|
|
|0 0
|1 0
|2 ddc
|4 0
|6 331_137000000000000_ΙΩΑ
|7 0
|9 207584
|a LISP
|b LISP
|c BSC
|d 2016-11-23
|i 133170
|l 0
|o 331.137 ΙΩΑ
|p 025000153055
|r 2016-11-23 00:00:00
|t 1
|v 2016.00
|w 2016-11-23
|y BK15
|
| 998 |
|
|
|c ΜΠΟΥΡΑΣ
|d 2016-11
|
| 999 |
|
|
|c 126223
|d 126223
|